Languages Protected by the European Charter - Statistics

General Stats
  • This quiz has been taken 108 times
  • The average score is 38 of 86
Answer Stats
Answer % Correct
German
93%
Croatian
91%
French
88%
Turkish
88%
Catalan
87%
Romani
87%
Slovak
87%
Czech
86%
Hungarian
86%
Irish
86%
Italian
85%
Slovene
85%
Swedish
85%
Bosnian
84%
Greek
84%
Russian
84%
Serbian
84%
Welsh
81%
Armenian
80%
Basque
80%
Ukrainian
80%
Albanian
79%
Danish
79%
Romansh
79%
Romanian
76%
Finnish
75%
Polish
73%
Galician
71%
Scottish Gaelic
71%
Belarusian
66%
Bulgarian
66%
Cornish
66%
Macedonian
65%
Frisian
61%
Manx Gaelic
61%
Scots
61%
Lithuanian
56%
Aragonese
55%
Faroese
52%
Tatar
52%
Yiddish
52%
Greenlandic
44%
Asturian
41%
Karelian
41%
Moldovan
40%
Rusyn
40%
Kurdish
38%
Valencian
35%
Kashub
33%
Gagauz
32%
Leonese
32%
Limburgish
32%
Crimean Tatar
29%
Ladino
29%
Low German
24%
North Sami
21%
Aranese
18%
South Sami
18%
Ulster-Scots
15%
Upper Sorbian
15%
Cypriot Maronite Arabic
13%
Lower Sorbian
13%
North Frisian
13%
Low Saxon
12%
Assyrian
11%
Burgenland Croatian
9%
Istro-Romanian
9%
Franco-Provençal
8%
Vlach
8%
Kven
7%
Lule Sami
7%
Inari Sami
5%
Meänkieli
5%
Skolt Sami
5%
Amazigh
4%
Karaim
4%
Lemko
4%
Papiamento
4%
Romanes
4%
Saterland Frisian
4%
Moravian Croatian
2%
Yenish
2%
Yezidi
2%
Boyash Romanian
1%
Bunjevac
1%
Krimchak
0%
No matching quizzes found
Score Distribution
Percent of People with Each Score
Percentile by Number Answered
Your Score History
You have not taken this quiz